000 00288nam a22001337a 4500
005 20250812160925.0
082 _a678
_bSEY
245 0 _aApplications of polymers
260 _aNew York
_bPlenum
_c1988
650 _aolymers
700 _aMark, Herman F
700 _aSeymour
942 _cBK
999 _c39993
_d39993